000 01024nam a2200277Ia 4500
005 20220317001405.0
008 161108s2014 sp g 000 0 spa
020 _a9788420600000 (obra completa)
020 _a9788420652740 (volumen 3)
100 1 _aProust, Marcel
_d1871-1922
245 1 0 _aEn busca del tiempo perdido, 3
_bel mundo de Guermantes
_cMarcel Proust ; traducción de Pedro Salinas y José María Quiroga Pl
250 _a3a. edición
_b3a. reimpresión
300 _a784 páginas
_c18 cm
490 _aEl libro de bolsillo
_pbiblioteca de autor
650 1 4 _2LEMB
_aNovela francesa
_ySiglo XX
650 1 4 _2LEMB
_aLiteratura francesa
_ySiglo XX
650 1 4 _2LEMB
_aFrancia
_xVida social y costumbre
700 1 _aSalinas, Pedro, 1891-1951
_d1891-1951
_971999
942 _2loc
_cBKLIT
264 _aMadrid
_bAlianza
_c2014
336 _atexto
_btxt
_2rdacontent
337 _asin mediación
_bn
_2rdamedia
338 _avolumen
_bnc
_2rdacarrier
040 _aCO-BoRNBP
_bspa
_erda
_cCO-BoRNBP
084 _aN PRO1
999 _c6828
_d6828